000 00952nam a2200265 4500
001 12625
003 ES-MaACL
005 20230906150348.0
007 t|
008 000000s19850000sp ||||0| spa d
016 7 _zIBH8705200003
020 _a84-7472-060-5
040 _aIBH
_bspa
_cM-BN-DP
080 _a008:297:[061.3(100)"1980"
080 _a008(=927):061.3(100)"1980"
111 2 _aJornadas de Cultura Árabe e Islámica (
_n2ª.
_d1980.
_cMadrid)
_9784
245 1 0 _aActas de las II Jornadas de Cultura Arabe e Islámica
_b: 1980.
260 _aMadrid :
_bInstituto Hispano-Arabe de Cultura,
_c1985.
300 _a643 p., [38] p. de lám. ;
_c23 cm.
500 _aTexto árabe en p. 600-607.
650 1 4 _aCivilización árabe-
_vCongresos y asambleas.
_911088
650 1 4 _aCivilización musulmana-
_vCongresos y asambleas.
_911100
710 2 _aInstituto Hispano-Árabe de Cultura.
_9162165
852 _aES-MaACL
_jL-20057
_bR.116970
999 _c12625
_d12625